Normal view MARC view

Entry Personal Name

Number of records used in: 3

001 - CONTROL NUMBER

  • control field: 34042

003 - CONTROL NUMBER IDENTIFIER

  • control field: dpl

005 - DATE AND TIME OF LATEST TRANSACTION

  • control field: 20110901101239.0

008 - FIXED-LENGTH DATA ELEMENTS

  • fixed length control field: 110901|||a|||||| | ||| d

040 ## - CATALOGING SOURCE

  • Original cataloging agency: dpl
  • Transcribing agency: dpl

100 ## - HEADING--PERSONAL NAME

  • Personal name: चन्दन सिंह

670 ## - SOURCE DATA FOUND

  • Source citation: Work cat.: (dpl): चन्दन सिंह, मानव और पर्यावरण समस्याएं एवं समाधान /, 2009-10

670 ## - SOURCE DATA FOUND

  • Source citation: Work cat.: (dpl): चन्दन सिंह, मानव और पर्यावरण समस्याएं एवं समाधान /, 2009-10

© Delhi Public Library
Hit Counter
free hit counter